Forecasting Macroeconomic Variables Using Machine Learning dizertačná práca

Salvato in:
Dettagli Bibliografici
Autore principale: Csápai, Ádám, 1996-
Ente Autore: Fakulta hospodárskej informatiky EU. Katedra operačného výskumu a ekonometrie
Altri autori: Lukáčik, Martin, 1974-
Natura: Libro
Lingua:slovacco
Pubblicazione: Bratislava 2024
Soggetti:
Tags: Aggiungi Tag
Nessun Tag, puoi essere il primo ad aggiungerne!!

MARC

LEADER 00000nbm a2200000 4500
001 0304100
005 20250107143816.2
041 0 |a slo 
044 |a SK 
245 1 0 |a Forecasting Macroeconomic Variables Using Machine Learning  |b dizertačná práca  |c Ádám Csápai ; školiteľ: Martin Lukáčik 
264 1 |a Bratislava  |c 2024 
300 |a 146 s. 
610 2 0 |a učenie strojové 
610 2 0 |a prognózy hospodárske 
610 2 0 |a ukazovatele produkcie 
610 2 0 |a inflácia 
610 2 0 |a Slovensko 
100 1 |a Csápai, Ádám, 1996- 
700 1 |a Lukáčik, Martin, 1974- 
710 2 |a Fakulta hospodárskej informatiky EU. Katedra operačného výskumu a ekonometrie